00286nam a2200121Ia 4500008004100000082002000041100001600061245002900077250000800106260002300114300001000137650001700147150201s2011 xx 000 0 und d a612.015bB2011S aSHARMA,D.C. aBIO-CHEMISTRY FOR NURSES a1ST bAITBSaDELHIc2011 a1-398 aBIOCHEMISTRY